000 02568cam a22005174i 4500
003 PE-LiUPU
005 20250731165514.0
008 150623s r 000 0 d
020 _a1841271942
035 _a(Sirsi) i9781841271941
040 _aPE-LiUPU
_bspa
_cPE-LiUPU
_erda
049 _aPRUA
082 0 4 _a225.077
_bF
_221
110 2 _aAmy-Jill Levine with Marianne Blickenstaff
245 1 2 _aA feminist companion to Mark.
_n2 /
_ceditado por Amy-Jill Levine.
264 1 _aSheffield, England :
_bSheffield Academic Press,
_c2001.
300 _a261 páginas ;
_c23 centímetros
336 _atext
_2rdacontent
337 _aunmediated
_2rdamedia
338 _avolume
_2rdacarrier
490 0 _aFeminist companion to the New Testament and early christian writings ;
_v2
504 _aIncluye bibliografía.
505 0 _a"Let them renounce themselves and take up their cross": a feminist reading of Mark 8.34 in Mar's social and narrative world. -Simon Peter´s Mother in law-disciple or domestic servant? feminist biblical hermeneutics and the interpretation of Mark 1.29-31. -Mark´s hero of the twelve-year miracles: the healing of the woman with th hemorrhage and the raising of Jairus´s daughter (Marl 5.21-43). -Agentile woman´s story, revisited: rereading Mark 7.24-31a. -The syrophoenician woman: a south asian feminist perspective. -The poor widow in Mark and her poor rich readers. -Renowned far and wide: the women who anointed odysseus and Jesus. -Making Jesus. -Women disciples of Jesus. -Slaves, servants and prostitutes: gender and social class in Mark. -The failure of the ..
526 _aSEG44
526 _aSEG26
526 _aP151
526 _aP150
526 _aP149
526 _aP146
526 _aP145
526 _aP126
526 _aP125
526 _aP92
526 _aP75
526 _aP74
526 _aP27
526 _aP15
630 _aBiblia.
_pN.T.
_pMarcos
_xTeología feminista.
630 0 4 _aBiblia.
_pN.T.
_pMarcos
_xCrítica feminista.
942 _2ddc
_cBOOK
949 _aRC 225.077 F 2
_wDEWEY
_c1
_i49135
_lCCODEBUL1
_mBUL
_r0
_sY
_tBOOK
_u2015-6-24
_xTEOLOGIA
_PP35
_0COMPRA
_o.CIRCNOTE. No olvidar cambiar la fecha de devolución!!!!!!!
_o.STAFF. Colección General
994 _aC0
_bPEPRU
596 _a1
999 _aRC 225.077 F 2
_wDEWEY
_c28282
_i49135
_f2021-11-8
_g6
_lCCODEBUL1
_mBUL
_r1
_sY
_tBOOK
_u2015-6-24
_xTEOLOGIA
_PP35
_0COMPRA
_o.CIRCNOTE. No olvidar cambiar la fecha de devolución!!!!!!!
_o.STAFF. Colección General
_d28282
980 _81
_gALBERTO SANCHEZ Responsable de Automatización